Five Nights At Freddy's: Every Animatronic - Statistics

General Stats
  • This quiz has been taken 98 times
  • The average score is 29 of 40
Answer Stats
Name % Correct
Freddy
100%
Bonnie
97%
Chica
97%
Foxy
93%
Golden Freddy
90%
Toy Freddy
83%
Mangle
82%
Toy Bonnie
82%
Nightmare
80%
Toy Chica
80%
Springtrap
79%
Nightmare Freddy
77%
Circus Baby
76%
Nightmare Bonnie
76%
Nightmare Chica
76%
Puppet
76%
Balloon Boy
75%
Funtime Freddy
75%
Phantom Chica
75%
Phantom Freddy
75%
Funtime Foxy
73%
Nightmare Foxy
73%
Phantom Foxy
72%
Ballora
70%
Withered Freddy
70%
Withered Bonnie
69%
Withered Chica
69%
Nightmare Fredbear
68%
Phantom Mangle
68%
Withered Foxy
68%
Phantom Puppet
66%
Phantom Balloon Boy
65%
Nightmare Balloon Boy
61%
Ennard
59%
Nightmare Mangle
59%
Plushtrap
59%
Nightmarionne
55%
Scrap Baby
34%
Yenndo
31%
Molten Freddy
28%
No matching quizzes found
Score Distribution
Percent of People with Each Score
Percentile by Number Answered
Your Score History
You have not taken this quiz